000 00641nam a22001817a 4500
005 20251108165259.0
008 250721s9999 xx 000 0 ara d
082 1 4 _a956.47/حسن
100 1 _aأبو سمور، حسن
245 1 0 _aقصة مدينه بئرسبع /
264 1 _aتونس :
_bالمنظمه العربيه للتربيه و الثقافه و العلوم - دائرة الثقافه بمنظمة التحرري الفلسطينيه،
_c[19-].
300 _a80ص
490 0 _aالمدن الفلسطينيه ؛8
650 1 7 _aتاريخ فلسطين
650 1 7 _aبئر سبع
942 _2ddc
_cBK
999 _c23999
_d23999